000 01136nam0a22002531 4500
001 rc\790278
005 20040301143548.1
035 _a(NLR Aleph) 006315580
090 _a7397619
_c7397619
100 _a20040301d1983 u |0rusy50 ca
101 0 _arus
102 _aRU
105 _ay |||||||||
200 1 _aДифференциальные уравнения и обратные задачи динамики
_eСб. науч. тр.
_fМ-во высш. и сред. спец. образования СССР, Ун-т дружбы народов им. Патриса Лумумбы
_g[Редкол.: Мухарлямов Р.Г. (отв. ред.), Свалова В.Б.]
210 _aМ.
_cУДН
_d1983
215 _a159 с.
_d22
320 _aБиблиогр. в конце статей
702 1 _aМухарлямов
_bР. Г.
_f1938-
_gРоберт Гагабшевич
_4340
712 0 2 _aУниверситет дружбы народов им. Патриса Лумумбы
_cМосква
_3RU\NLR\AUTH\884392
801 0 _aRU
_bNLR
_gpsbo
801 1 _aRU
_bELAR
_2rusmarc
852 _aNLR
_j84-5/2022
942 _cBOOK
980 _aNB